MARC

LEADER 00000nam0a2200000 4500
001 363465
005 20231102011607.0
035 |a (RuTPU)RU\TPU\retro\20812 
090 |a 363465 
100 |a 20211001d1903 km y0rusy50 ca 
101 0 |a rus 
102 |a RU 
105 |a y z 000zy 
200 1 |a Возобновление медного дела в Минусинском уезде, Енисейской губ.  |e [отдельный оттиск]  |f К. Н. Тульчинский 
210 |a Санкт-Петербург  |c Бюро Исследований почвы  |d 1903 
215 |a 23 с. 
225 1 |a Известия общества горных инженеров 
300 |a Текст в русской дореформенной орфографии 
316 |5 63413507: КР-7250  |a На обложке дарственная надпись: "Горному отделению Томского Технологического Института Императора Николая II" 
316 |5 63413507: КР-7250  |a На обложке печать Геологического кабинета Томского Индустриального Института 
317 |5 63413507: КР-7250  |a Поступил в НТБ в 2004 г. в составе книжного собрания кафедры общей геологии 
606 1 |a Медная промышленность  |2 stltpush  |3 (RuTPU)RU\TPU\subj\41805  |9 61582 
610 1 |a Минусинский уезд 
610 1 |a исторический очерк 
610 1 |a географическое положение 
610 1 |a пути сообщения 
610 1 |a месторождения 
610 1 |a геологическая характеристика 
610 1 |a медные рудники 
610 1 |a описание 
610 1 |a климатические условия 
610 1 |a изучение 
610 1 |a Коллекция кафедры общей геологии 
610 1 |a дары библиотеке 
610 1 |a дары автора 
675 |a 622.343  |v 4 
700 1 |a Тульчинский  |b К. Н. 
801 1 |a RU  |b 63413507  |c 20211001 
801 2 |a RU  |b 63413507  |c 20220302  |g RCR 
942 |c BK